Normal view
MARC view
- Hematology M.Phil-Thesis
Entry Topical Term
001 - CONTROL NUMBER
- control field: 30058
003 - CONTROL NUMBER IDENTIFIER
- control field: NUST
005 - DATE AND TIME OF LATEST TRANSACTION
- control field: 20200911123540.0
008 - FIXED-LENGTH DATA ELEMENTS
- fixed length control field: 200911|| aca||aabn | a|a d
040 ## - CATALOGING SOURCE
- Original cataloging agency: NUST
- Transcribing agency: NUST
150 ## - HEADING--TOPICAL TERM
- Topical term or geographic name entry element: Hematology M.Phil-Thesis
670 ## - SOURCE DATA FOUND
- Source citation: Work cat.: (NUST): Siddique,Humera 30057, CORRELATION OF IRON STATUS BETWEEN PREGNANT WOMEN, 2012.
